Movies Quiz

Random Movies or Actress Quiz
Score 0/20 Timer 10:00
0 Plays Today
% Correct
Sandra Bullock
Gravity
94%
Barkhad Abdi
Captain Phillips
93.6%
Chiwetel Ejiofor
12 Years a Slave
93.5%
Lupita Nyong'o
12 Years a Slave
92.8%
Matthew McConaughey
Dallas Buyers Club
92.5%
Michael Fassbender
12 Years a Slave
90.2%
Leonardo DiCaprio
The Wolf of Wall Street
86.3%
Jonah Hill
The Wolf of Wall Street
86%
Jared Leto
Dallas Buyers Club
85.2%
Bruce Dern
Nebraska
82.9%
% Correct
Bradley Cooper
American Hustle
82.7%
Judi Dench
Philomena
74.8%
Christian Bale
American Hustle
71.1%
Jennifer Lawrence
American Hustle
68.3%
Julia Roberts
August: Osage County
67.9%
Amy Adams
American Hustle
66.7%
Meryl Streep
August: Osage County
66.7%
Cate Blanchett
Blue Jasmine
66.5%
Sally Hawkins
Blue Jasmine
59.7%
June Squibb
Nebraska
56.7%
Remove Ads.
Support Sporcle.
Get the best of Sporcle when you Go Orange. This ad-free experience offers more features, more stats, and more fun while also helping to support Sporcle. Thank you for becoming a member.

You're not logged in!

Compare scores with friends on all Sporcle quizzes.
OR
Log In

Show Comments

Extras

Top Quizzes Today


Score Distribution

Your Account Isn't Verified!

In order to create a playlist on Sporcle, you need to verify the email address you used during registration. Go to your Sporcle Settings to finish the process.

Report this User

Report this user for behavior that violates our Community Guidelines.

Details: